[Event "Albert Boxer Classic"]
[Site "Winnipeg CAN"]
[Date "1999.09.04"]
[Round "1"]
[White "Charter, Bennet"]
[Black "Nikouline, Alexandre"]
[Result "0-1"]
[WhiteElo "1673"]
[BlackElo "2118"]
[PlyCount "58"]
[GameId "2160767911742194"]
[EventDate "1999.09.04"]
[EventType "swiss"]
[EventRounds "6"]
[EventCountry "CAN"]

1. e4 c5 2. Nf3 Nc6 3. d4 cxd4 4. Nxd4 Nf6 5. Nc3 e5 6. Ndb5 d6 7. Bg5 a6 8. Na3 Be7 9. Bxf6 Bxf6 10. Nd5 b5 11. c3 Be6 12. Nxf6+ gxf6 13. Bd3 d5 14. Nc2 Rg8 15. g3 Bg4 16. Qd2 Bf3 17. Rg1 dxe4 18. Be2 Qxd2+ 19. Kxd2 Rd8+ 20. Ke1 f5 21. Bxf3 exf3 22. a4 Rg6 23. axb5 axb5 24. Rd1 Rgd6 25. Rxd6 Rxd6 26. Ne3 Ne7 27. g4 f4 28. Nf1 e4 29. Nd2 Ra6 0-1

[Event "Albert Boxer Classic"]
[Site "Winnipeg CAN"]
[Date "1999.09.04"]
[Round "1"]
[White "Gibbons, Michael"]
[Black "Hemphill, Jim"]
[Result "0-1"]
[WhiteElo "2094"]
[BlackElo "1655"]
[PlyCount "33"]
[GameId "2160767911742196"]
[EventDate "1999.09.04"]
[EventType "swiss"]
[EventRounds "6"]
[EventCountry "CAN"]

1. Nf3 Nf6 2. g3 g6 3. Bg2 Bg7 4. O-O O-O 5. c4 c5 6. d4 d6 7. Nc3 Na6 8. Re1 Nc7 9. e4 Nd7 10. Be3 Rb8 11. Qd2 b6 12. Bh6 e5 13. Bxg7 Kxg7 14. dxe5 dxe5 15. Rad1 Qf6 16. Nd5 Qc6 17. Ne7 0-1

[Event "Albert Boxer Classic"]
[Site "Winnipeg CAN"]
[Date "1999.09.04"]
[Round "1"]
[White "Gibson, Kris"]
[Black "Baragar, Fletcher"]
[Result "0-1"]
[WhiteElo "1750"]
[BlackElo "2264"]
[PlyCount "66"]
[GameId "2160767911742197"]
[EventDate "1999.09.04"]
[EventType "swiss"]
[EventRounds "6"]
[EventCountry "CAN"]

1. e4 e6 2. d4 d5 3. exd5 exd5 4. Nc3 Bb4 5. Nf3 Ne7 6. Bd3 Nbc6 7. a3 Bxc3+ 8. bxc3 Bf5 9. Ne5 Nxe5 10. dxe5 Qd7 11. Be3 O-O 12. O-O b6 13. a4 Qe6 14. f4 f6 15. Bxf5 Nxf5 16. Bf2 fxe5 17. Re1 e4 18. g4 e3 19. Bg3 Nxg3 20. hxg3 Rad8 21. Qf3 Rfe8 22. Re2 c5 23. Rae1 d4 24. cxd4 cxd4 25. c3 Qc4 26. cxd4 Qxd4 27. f5 h6 28. Kh2 Qxa4 29. Rxe3 Rxe3 30. Rxe3 Rd2+ 31. Kh3 Qc2 32. g5 Rh2+ 33. Kg4 h5+ 0-1

[Event "Albert Boxer Classic"]
[Site "Winnipeg CAN"]
[Date "1999.09.04"]
[Round "1"]
[White "Kaptsan, Aron"]
[Black "Czarny, Keith"]
[Result "1-0"]
[WhiteElo "2143"]
[BlackElo "1701"]
[PlyCount "33"]
[GameId "2160767911742198"]
[EventDate "1999.09.04"]
[EventType "swiss"]
[EventRounds "6"]
[EventCountry "CAN"]

1. d4 d5 2. c4 e5 3. dxe5 d4 4. Nf3 Nc6 5. g3 Bg4 6. Bg2 Qd7 7. O-O Nge7 8. Nbd2 Ng6 9. a3 Ngxe5 10. b4 d3 11. Bb2 f6 12. b5 Ne7 13. Bxe5 fxe5 14. exd3 Ng6 15. h3 Bxh3 16. Nxe5 Nxe5 17. Qh5+ 1-0

[Event "Albert Boxer Classic"]
[Site "Winnipeg CAN"]
[Date "1999.09.04"]
[Round "1"]
[White "Rasmussen, Barry"]
[Black "Klokow, John"]
[Result "1-0"]
[WhiteElo "2254"]
[BlackElo "1744"]
[PlyCount "53"]
[GameId "2160767911742200"]
[EventDate "1999.09.04"]
[EventType "swiss"]
[EventRounds "6"]
[EventCountry "CAN"]

1. e4 e5 2. Nf3 Nc6 3. Bb5 f5 4. d4 fxe4 5. Bxc6 dxc6 6. Nxe5 Nf6 7. Nc3 Bd6 8. Bg5 Bf5 9. Qe2 O-O 10. Qc4+ Kh8 11. Nf7+ Rxf7 12. Qxf7 Bg6 13. Qe6 Qf8 14. Bxf6 Re8 15. Bxg7+ Qxg7 16. Qc4 Qh6 17. Ne2 Bh5 18. Qc3 Bxe2 19. Kxe2 Qh5+ 20. Kf1 e3 21. fxe3 Rf8+ 22. Kg1 Qe2 23. Qe1 Qxc2 24. h4 Bb4 25. Rc1 Qf5 26. Qe2 Qe4 27. Rh3 1-0

[Event "Albert Boxer Classic"]
[Site "Winnipeg CAN"]
[Date "1999.09.04"]
[Round "2"]
[White "Baragar, Fletcher"]
[Black "Repa, Jason"]
[Result "1-0"]
[WhiteElo "2264"]
[BlackElo "1907"]
[PlyCount "27"]
[GameId "2160767911742201"]
[EventDate "1999.09.04"]
[EventType "swiss"]
[EventRounds "6"]
[EventCountry "CAN"]

1. d4 e6 2. c4 Nf6 3. Nf3 b6 4. g3 Bb7 5. Bg2 Bb4+ 6. Bd2 Qe7 7. O-O d5 8. Qa4+ Nc6 9. Ne5 Bxd2 10. Nxd2 O-O 11. Nxc6 Qd7 12. cxd5 exd5 13. Rac1 Rfe8 14. Qc2 1-0

[Event "Albert Boxer Classic"]
[Site "Winnipeg CAN"]
[Date "1999.09.04"]
[Round "2"]
[White "Lukic, Luka"]
[Black "Rasmussen, Barry"]
[Result "1/2-1/2"]
[WhiteElo "1914"]
[BlackElo "2254"]
[PlyCount "102"]
[GameId "2160767911742202"]
[EventDate "1999.09.04"]
[EventType "swiss"]
[EventRounds "6"]
[EventCountry "CAN"]

1. d4 c5 2. e3 Nf6 3. Nf3 e6 4. Bd3 d5 5. c3 Be7 6. Nbd2 b6 7. O-O O-O 8. a4 cxd4 9. exd4 Ba6 10. Qe2 Bxd3 11. Qxd3 Nc6 12. Re1 Rc8 13. Nb3 Ne4 14. Bf4 Bd6 15. Bxd6 Nxd6 16. Ne5 Nxe5 17. Rxe5 Nc4 18. Re2 a5 19. Rc2 Qd7 20. Nd2 Nxd2 21. Qxd2 Rc7 22. b3 Rfc8 23. Rac1 b5 24. Ra1 bxa4 25. Rxa4 Qb5 26. Ra3 g6 27. g3 Rb7 28. Kg2 Qc6 29. Rxa5 Rxb3 30. Rc5 Qb7 31. Rxc8+ Qxc8 32. Qe3 Qc6 33. h4 h5 34. Qe5 Rxc3 35. Rb2 Qe8 36. Rb8 Rc8 37. Rb3 Qf8 38. Rf3 Qe7 39. Rf4 Rf8 40. Rf6 Rc8 41. Rf4 Qc7 42. Qg5 Re8 43. g4 Qe7 44. gxh5 Qxg5+ 45. hxg5 gxh5 46. Kg3 Kg7 47. Kh4 Rh8 48. Rf6 Rc8 49. Kxh5 Rc4 50. Rf4 e5 51. Rf5 Rxd4 1/2-1/2

[Event "Albert Boxer Classic"]
[Site "Winnipeg CAN"]
[Date "1999.09.04"]
[Round "2"]
[White "Nikouline, Alexandre"]
[Black "Moffat, Ron"]
[Result "1/2-1/2"]
[WhiteElo "2118"]
[BlackElo "1758"]
[PlyCount "107"]
[GameId "2160767911742203"]
[EventDate "1999.09.04"]
[EventType "swiss"]
[EventRounds "6"]
[EventCountry "CAN"]

1. e4 c5 2. Nf3 e6 3. d4 cxd4 4. Nxd4 a6 5. Nc3 Qc7 6. Bd3 Nf6 7. O-O Nc6 8. Be3 Be7 9. f4 Nxd4 10. Bxd4 Bc5 11. Bxc5 Qxc5+ 12. Kh1 d6 13. Qe1 e5 14. Qg3 O-O 15. f5 b5 16. Qf3 Bb7 17. g4 h6 18. h4 d5 19. exd5 Bxd5 20. Nxd5 Nxd5 21. Be4 Rad8 22. g5 hxg5 23. hxg5 Nf4 24. Rad1 Qc4 25. b3 Qe2 26. Bd3 Qxf3+ 27. Rxf3 Rd6 28. Re1 f6 29. gxf6 gxf6 30. a4 Nxd3 31. cxd3 bxa4 32. bxa4 Rd4 33. Rg3+ Kf7 34. Rb1 Rfd8 35. Rb3 R8d7 36. a5 Ra4 37. Rh3 Kg7 38. Rb8 Ra1+ 39. Kg2 Ra2+ 40. Kg1 Rc7 41. Rg3+ Kf7 42. Rg2 Rxg2+ 43. Kxg2 Rc5 44. Rb7+ Ke8 45. Rb6 Rxa5 46. Rxf6 Ke7 47. Re6+ Kf7 48. Kf3 Rd5 49. Ke3 a5 50. Ra6 Rd4 51. Re6 Rd5 52. Rc6 a4 53. Ra6 Rd4 54. Re6 1/2-1/2

[Event "Albert Boxer Classic"]
[Site "Winnipeg CAN"]
[Date "1999.09.04"]
[Round "2"]
[White "Penner, Wesley"]
[Black "Kaptsan, Aron"]
[Result "0-1"]
[WhiteElo "1788"]
[BlackElo "2143"]
[PlyCount "32"]
[GameId "2160767911742205"]
[EventDate "1999.09.04"]
[EventType "swiss"]
[EventRounds "6"]
[EventCountry "CAN"]

1. d4 Nf6 2. c4 g6 3. Nc3 Bg7 4. e4 O-O 5. f4 d6 6. Nf3 c5 7. Be3 Ng4 8. Bg1 cxd4 9. Bxd4 e5 10. fxe5 Nc6 11. exd6 Nxd4 12. Nxd4 Qb6 13. Nce2 Qxd6 14. Qd2 Rd8 15. Rd1 Qf6 16. Qc3 Qf2+ 0-1

[Event "Albert Boxer Classic"]
[Site "Winnipeg CAN"]
[Date "1999.09.05"]
[Round "3"]
[White "Currie, James"]
[Black "Henson, Joshua"]
[Result "0-1"]
[WhiteElo "2026"]
[BlackElo "2179"]
[PlyCount "60"]
[GameId "2160767911742206"]
[EventDate "1999.09.04"]
[EventType "swiss"]
[EventRounds "6"]
[EventCountry "CAN"]

1. e4 e6 2. d3 c5 3. Nf3 Nc6 4. g3 g6 5. Bg2 Bg7 6. Bf4 Bxb2 7. Nbd2 Bxa1 8. Qxa1 f6 9. e5 g5 10. Ne4 gxf4 11. exf6 Nh6 12. f7+ Nxf7 13. Qg7 Qe7 14. Nfg5 Nce5 15. gxf4 Qf8 16. Qxf8+ Rxf8 17. fxe5 Nxg5 18. Nxg5 Rg8 19. f4 h6 20. h4 hxg5 21. fxg5 d5 22. exd6 Bd7 23. Rh2 Bc6 24. Bxc6+ bxc6 25. Rf2 Rf8 26. Re2 Kd7 27. Rf2 Kxd6 28. g6 Rf5 29. Rxf5 exf5 30. h5 Ke6 0-1

[Event "Albert Boxer Classic"]
[Site "Winnipeg CAN"]
[Date "1999.09.05"]
[Round "3"]
[White "Gibbons, Michael"]
[Black "Baragar, Fletcher"]
[Result "0-1"]
[WhiteElo "2005"]
[BlackElo "2305"]
[PlyCount "110"]
[GameId "2160767911742207"]
[EventDate "1999.09.04"]
[EventType "swiss"]
[EventRounds "6"]
[EventCountry "CAN"]
[SourceTitle "EXT 2002"]
[Source "ChessBase"]
[SourceDate "2001.11.25"]
[SourceVersion "1"]
[SourceVersionDate "2001.11.25"]
[SourceQuality "1"]

1. d4 Nf6 2. g3 d5 3. Bg2 e6 4. Nf3 Be7 5. O-O O-O 6. c4 dxc4 7. Ne5 Nc6 8. Bxc6 bxc6 9. Nxc6 Qe8 10. Nxe7+ Qxe7 11. Qc2 c5 12. dxc5 Qxc5 13. b3 Qh5 14. bxc4 Bb7 15. f3 Qc5+ 16. Kg2 Rfd8 17. Nd2 Rac8 18. Nb3 Qb4 19. Bd2 Rxc4 20. Qb2 Qb5 21. a4 Qf5 22. Rfc1 Ba6 23. Bc3 Nd5 24. Nd4 Qh5 25. Bd2 Nf4+ 26. Bxf4 Rcxd4 27. Be3 R4d7 28. Rd1 h6 29. Rxd7 Rxd7 30. Bxa7 Bxe2 31. Qxe2 Rxa7 32. Qd2 Qe5 33. Ra2 Ra5 34. Qb4 g6 35. Rc2 Ra8 36. Rb2 Rxa4 37. Qxa4 Qxb2+ 38. Kh3 Kg7 39. Qe4 h5 40. f4 Kh7 41. Qc4 Kg7 42. Qc7 Qd4 43. Kg2 g5 44. Qe7 gxf4 45. Qg5+ Kf8 46. gxf4 Qd5+ 47. Kg3 Qxg5+ 48. fxg5 Kg7 49. h4 Kg6 50. Kf4 f6 51. gxf6 Kxf6 52. Ke4 e5 53. Ke3 Kf5 54. Kf3 e4+ 55. Ke3 Ke5 0-1

[Event "Albert Boxer Classic"]
[Site "Winnipeg CAN"]
[Date "1999.09.05"]
[Round "3"]
[White "Kaptsan, Aron"]
[Black "Gushuliak, Justin"]
[Result "1-0"]
[WhiteElo "2143"]
[BlackElo "2089"]
[PlyCount "45"]
[GameId "2160767911742208"]
[EventDate "1999.09.04"]
[EventType "swiss"]
[EventRounds "6"]
[EventCountry "CAN"]

1. d4 Nf6 2. c4 c5 3. d5 b5 4. cxb5 a6 5. bxa6 Bxa6 6. b3 d6 7. Bb2 Nbd7 8. g3 Rb8 9. Bg2 c4 10. Nf3 Nc5 11. O-O Qc8 12. Nfd2 cxb3 13. axb3 e6 14. dxe6 fxe6 15. Bc3 e5 16. b4 Ne6 17. Bh3 Bb5 18. f4 exf4 19. Bxf6 gxf6 20. Ne4 Qc4 21. Nxf6+ Kf7 22. Nd5 Qxe2 23. Qxe2 1-0

[Event "Albert Boxer Classic"]
[Site "Winnipeg CAN"]
[Date "1999.09.05"]
[Round "3"]
[White "Lukic, Luka"]
[Black "Nikouline, Alexandre"]
[Result "0-1"]
[WhiteElo "1914"]
[BlackElo "2118"]
[PlyCount "58"]
[GameId "2160767911742209"]
[EventDate "1999.09.04"]
[EventType "swiss"]
[EventRounds "6"]
[EventCountry "CAN"]

1. e4 Nf6 2. e5 Nd5 3. d4 d6 4. exd6 cxd6 5. c3 g6 6. Nf3 Bg7 7. Bg5 O-O 8. Bc4 Be6 9. O-O Nxc3 10. Qb3 Bxc4 11. Qxc4 Ne4 12. Bh4 d5 13. Qb4 Qc8 14. Qa4 e6 15. Na3 Qd7 16. Qd1 Nc6 17. Nc2 Rfc8 18. Ne3 Rc7 19. Re1 Na5 20. Ng4 Nc4 21. Re2 Qb5 22. Rc1 h5 23. Nge5 Rac8 24. Nxc4 Rxc4 25. Rec2 Qxb2 26. Rxc4 Rxc4 27. Rb1 Qc2 28. Qxc2 Rxc2 29. a3 Nc3 0-1

[Event "Albert Boxer Classic"]
[Site "Winnipeg CAN"]
[Date "1999.09.05"]
[Round "4"]
[White "Baragar, Fletcher"]
[Black "Kaptsan, Aron"]
[Result "1/2-1/2"]
[WhiteElo "2305"]
[BlackElo "2170"]
[PlyCount "48"]
[GameId "2160767911742211"]
[EventDate "1999.09.04"]
[EventType "swiss"]
[EventRounds "6"]
[EventCountry "CAN"]
[SourceTitle "EXT 2002"]
[Source "ChessBase"]
[SourceDate "2001.11.25"]
[SourceVersion "1"]
[SourceVersionDate "2001.11.25"]
[SourceQuality "1"]

1. d4 Nf6 2. c4 g6 3. Nc3 Bg7 4. e4 d6 5. Be2 O-O 6. Bg5 Nbd7 7. Qd2 c6 8. h4 e5 9. d5 cxd5 10. cxd5 Nc5 11. f3 Qb6 12. g4 Bd7 13. Be3 h5 14. g5 Ne8 15. Nh3 Rc8 16. Nf2 Qd8 17. Rg1 a6 18. Rc1 Kh7 19. b4 Na4 20. Nxa4 Bxa4 21. Rxc8 Qxc8 22. Bd3 Nc7 23. Ke2 Qb8 24. Rc1 Rc8 1/2-1/2

[Event "Albert Boxer Classic"]
[Site "Winnipeg CAN"]
[Date "1999.09.05"]
[Round "4"]
[White "Gushuliak, Justin"]
[Black "Rasmussen, Barry"]
[Result "1-0"]
[WhiteElo "2089"]
[BlackElo "2254"]
[PlyCount "53"]
[GameId "2160767911742212"]
[EventDate "1999.09.04"]
[EventType "swiss"]
[EventRounds "6"]
[EventCountry "CAN"]

1. e4 e5 2. Nf3 Nf6 3. Nxe5 d6 4. Nf3 Nxe4 5. d4 d5 6. Bd3 Nc6 7. O-O Be7 8. Re1 Bf5 9. Bf4 O-O 10. Nbd2 Nxd2 11. Qxd2 Bg4 12. Ne5 Bh5 13. Nxc6 bxc6 14. Re5 Bg6 15. Bxg6 hxg6 16. Rae1 Bd6 17. R5e2 Rb8 18. b3 Rb7 19. Bxd6 cxd6 20. Qf4 a5 21. c3 c5 22. Qf3 Qg5 23. dxc5 dxc5 24. Re5 Qd2 25. Qxd5 Rd7 26. Qxc5 f6 27. Qc4+ 1-0

[Event "Albert Boxer Classic"]
[Site "Winnipeg CAN"]
[Date "1999.09.05"]
[Round "4"]
[White "Henson, Joshua"]
[Black "Nikouline, Alexandre"]
[Result "1-0"]
[WhiteElo "2179"]
[BlackElo "2118"]
[PlyCount "91"]
[GameId "2160767911742213"]
[EventDate "1999.09.04"]
[EventType "swiss"]
[EventRounds "6"]
[EventCountry "CAN"]

1. e4 c5 2. Nf3 Nc6 3. Bb5 g6 4. Bxc6 bxc6 5. O-O d5 6. d3 Bg7 7. Nc3 Ba6 8. Re1 e6 9. Bg5 Qb6 10. Rb1 Ne7 11. Bxe7 dxe4 12. Bd6 exf3 13. Qxf3 Rd8 14. Qf4 c4 15. Ne4 cxd3 16. Ng5 Qb7 17. Nxe6 fxe6 18. Rxe6+ Kd7 19. Re7+ Kc8 20. Rxb7 Kxb7 21. cxd3 Rd7 22. Re1 Rhd8 23. Re7 Rxe7 24. Bxe7 Rxd3 25. h3 Rd1+ 26. Kh2 Rd4 27. Qf7 Be5+ 28. g3 Bc4 29. Qxh7 Rd7 30. Qh4 Bxa2 31. Bc5 Bd5 32. Qa4 Ka8 33. Qa6 Rb7 34. b4 Bb8 35. Qd3 Rg7 36. Qd4 Rg8 37. h4 Re8 38. Qd1 g5 39. h5 g4 40. Qxg4 Re1 41. f3 Rf1 42. Kg2 Bxf3+ 43. Qxf3 Rxf3 44. Kxf3 Be5 45. h6 a5 46. bxa5 1-0

[Event "Albert Boxer Classic"]
[Site "Winnipeg CAN"]
[Date "1999.09.05"]
[Round "4"]
[White "Penner, Wesley"]
[Black "Gibbons, Michael"]
[Result "1/2-1/2"]
[WhiteElo "1788"]
[BlackElo "2094"]
[PlyCount "82"]
[GameId "2160767911742215"]
[EventDate "1999.09.04"]
[EventType "swiss"]
[EventRounds "6"]
[EventCountry "CAN"]

1. d4 e6 2. e4 c5 3. d5 Nf6 4. dxe6 dxe6 5. Qxd8+ Kxd8 6. Nc3 Nc6 7. Bg5 a6 8. O-O-O+ Ke8 9. f4 Be7 10. Nf3 h6 11. Bh4 Nd7 12. Bf2 b5 13. g4 f6 14. Bg2 Bb7 15. Nh4 g5 16. Ng6 Rg8 17. f5 Nde5 18. Nxe7 Nxe7 19. fxe6 c4 20. h3 N7g6 21. Nd5 Bxd5 22. exd5 Nf4 23. Be4 Rd8 24. Rd2 c3 25. bxc3 Nc4 26. Rhd1 Nxd2 27. Rxd2 Nxh3 28. Bc5 Nf4 29. e7 Rc8 30. Bb4 a5 31. Bxa5 Kxe7 32. d6+ Kd7 33. Bd5 Ne6 34. Bxe6+ Kxe6 35. d7 Rcd8 36. Bxd8 Rxd8 37. Re2+ Kf7 38. Rd2 Ke6 39. Re2+ Kf7 40. Rd2 Ke6 41. Kb2 f5 1/2-1/2

[Event "Albert Boxer Classic"]
[Site "Winnipeg CAN"]
[Date "1999.09.06"]
[Round "5"]
[White "Kaptsan, Aron"]
[Black "Henson, Joshua"]
[Result "1/2-1/2"]
[WhiteElo "2170"]
[BlackElo "2110"]
[PlyCount "40"]
[GameId "2160767911742216"]
[EventDate "1999.09.04"]
[EventType "swiss"]
[EventRounds "6"]
[EventCountry "CAN"]
[SourceTitle "EXT 2002"]
[Source "ChessBase"]
[SourceDate "2001.11.25"]
[SourceVersion "1"]
[SourceVersionDate "2001.11.25"]
[SourceQuality "1"]

1. d4 Nf6 2. c4 c5 3. e3 g6 4. Nf3 Bg7 5. Nc3 O-O 6. Be2 cxd4 7. Nxd4 Nc6 8. O-O Nxd4 9. Qxd4 d6 10. Rd1 Bd7 11. c5 Ne8 12. Qb4 Bc6 13. Bd2 dxc5 14. Qxc5 Qd6 15. Qc4 Nc7 16. Be1 Qe5 17. Qg4 Qe6 18. Qxe6 Nxe6 19. Nd5 Rfe8 20. Bc3 Bxc3 1/2-1/2

[Event "Albert Boxer Classic"]
[Site "Winnipeg CAN"]
[Date "1999.09.06"]
[Round "5"]
[White "Lukic, Luka"]
[Black "Lafreniere, Adrian"]
[Result "1-0"]
[WhiteElo "1914"]
[BlackElo "1755"]
[PlyCount "55"]
[GameId "2160767911742217"]
[EventDate "1999.09.04"]
[EventType "swiss"]
[EventRounds "6"]
[EventCountry "CAN"]

1. d4 d5 2. c4 Nf6 3. cxd5 Nxd5 4. e4 Nb6 5. h3 g6 6. Nf3 Bg7 7. Be2 O-O 8. O-O Nc6 9. Be3 e6 10. Nc3 Qe7 11. Qc1 Rd8 12. Rd1 a6 13. a3 Na5 14. Qc2 Bd7 15. b4 Nc6 16. Rab1 Be8 17. Qc1 Rac8 18. Rb2 Na7 19. Rbd2 Na4 20. e5 f6 21. exf6 Bxf6 22. Ne4 Rd5 23. Bc4 Rd7 24. d5 Nb6 25. dxe6 Rxd2 26. Rxd2 Kh8 27. Nxf6 Qxf6 28. Bd4 1-0

[Event "Albert Boxer Classic"]
[Site "Winnipeg CAN"]
[Date "1999.09.06"]
[Round "5"]
[White "Nikouline, Alexandre"]
[Black "Gushuliak, Justin"]
[Result "0-1"]
[WhiteElo "2118"]
[BlackElo "2089"]
[PlyCount "54"]
[GameId "2160767911742218"]
[EventDate "1999.09.04"]
[EventType "swiss"]
[EventRounds "6"]
[EventCountry "CAN"]

1. e4 c5 2. Nf3 Nc6 3. d4 cxd4 4. Nxd4 Nf6 5. Nc3 d6 6. Be3 g6 7. f3 Bg7 8. Qd2 O-O 9. g4 Bd7 10. h4 Ne5 11. Be2 Rc8 12. h5 Nc4 13. Bxc4 Rxc4 14. hxg6 fxg6 15. b3 Rc8 16. Nd5 Nxd5 17. exd5 Rxf3 18. O-O-O Bxg4 19. Rdg1 Rh3 20. Ne6 Bxe6 21. dxe6 Rxh1 22. Rxh1 Qf8 23. Qh2 h5 24. Bg5 Qf5 25. Bxe7 Qxe6 26. Bxd6 Qf6 27. Qh3 Qb2+ 0-1

[Event "Albert Boxer Classic"]
[Site "Winnipeg CAN"]
[Date "1999.09.06"]
[Round "5"]
[White "Rasmussen, Barry"]
[Black "Charter, Bennet"]
[Result "1-0"]
[WhiteElo "2254"]
[BlackElo "1673"]
[PlyCount "103"]
[GameId "2160767911742220"]
[EventDate "1999.09.04"]
[EventType "swiss"]
[EventRounds "6"]
[EventCountry "CAN"]

1. e4 e6 2. d4 d5 3. Nd2 Nf6 4. e5 Nfd7 5. c3 c5 6. Bd3 Nc6 7. Ne2 cxd4 8. cxd4 f6 9. exf6 Nxf6 10. Nf3 Bd6 11. O-O O-O 12. Nc3 Nb4 13. Bb1 Qb6 14. Bg5 Nc6 15. b3 Bd7 16. Qd3 Nb4 17. Qe2 Rac8 18. Rc1 Kh8 19. a3 Nc6 20. Qd3 Rf7 21. b4 g6 22. Na4 Qd8 23. Nc5 Qc7 24. b5 Ne7 25. Ba2 Ng4 26. Nxd7 Qxd7 27. h3 Nf6 28. Rxc8+ Nxc8 29. Bh4 Ne4 30. Rc1 Ne7 31. g4 Bf4 32. Ne5 Bxe5 33. dxe5 g5 34. f3 gxh4 35. fxe4 Qd8 36. exd5 Nxd5 37. Bxd5 Qxd5 38. Qxd5 exd5 39. Rc8+ Kg7 40. Rd8 Rc7 41. Rxd5 Rc1+ 42. Kf2 Rc2+ 43. Ke3 Rc3+ 44. Rd3 Rxd3+ 45. Kxd3 Kf7 46. Ke4 Ke6 47. Kd4 b6 48. Ke4 Ke7 49. Kf5 Kf7 50. e6+ Ke7 51. g5 Ke8 52. Kf6 1-0

[Event "Albert Boxer Classic"]
[Site "Winnipeg CAN"]
[Date "1999.09.06"]
[Round "5"]
[White "Repa, Jason"]
[Black "Gibbons, Michael"]
[Result "1/2-1/2"]
[WhiteElo "1907"]
[BlackElo "2094"]
[PlyCount "55"]
[GameId "2160767911742221"]
[EventDate "1999.09.04"]
[EventType "swiss"]
[EventRounds "6"]
[EventCountry "CAN"]

1. f4 g6 2. Nf3 d6 3. e4 Nf6 4. Nc3 Bg7 5. d4 O-O 6. Be3 Bg4 7. Bc4 c6 8. Bb3 d5 9. e5 Ne4 10. Nxe4 dxe4 11. h3 Bxf3 12. gxf3 exf3 13. Qxf3 e6 14. h4 h5 15. Qf2 Nd7 16. a4 Qe7 17. O-O Nb6 18. d5 cxd5 19. Bc5 Qd8 20. Bxf8 Bxf8 21. Kg2 Rc8 22. Rh1 Be7 23. Rh3 Rc7 24. c3 Bc5 25. Qe2 Be7 26. Qf2 Bc5 27. Qe2 Be7 28. Qf2 1/2-1/2

[Event "Albert Boxer Classic"]
[Site "Winnipeg CAN"]
[Date "1999.09.06"]
[Round "6"]
[White "Gibbons, Michael"]
[Black "Rasmussen, Barry"]
[Result "1-0"]
[WhiteElo "2005"]
[BlackElo "2240"]
[PlyCount "107"]
[GameId "2160767911742222"]
[EventDate "1999.09.04"]
[EventType "swiss"]
[EventRounds "6"]
[EventCountry "CAN"]
[SourceTitle "EXT 2002"]
[Source "ChessBase"]
[SourceDate "2001.11.25"]
[SourceVersion "1"]
[SourceVersionDate "2001.11.25"]
[SourceQuality "1"]

1. Nf3 d5 2. b3 c5 3. e3 Nc6 4. Bb5 Nf6 5. Bb2 e6 6. O-O Be7 7. d3 O-O 8. Bxc6 bxc6 9. Nbd2 Re8 10. Ne5 Qc7 11. f4 Nd7 12. Rf3 f6 13. Nxd7 Bxd7 14. Qe1 e5 15. f5 e4 16. dxe4 Bd6 17. e5 Bxe5 18. Bxe5 Qxe5 19. g4 Re7 20. c4 Rae8 21. Rc1 Qd6 22. Qf2 Re5 23. cxd5 cxd5 24. e4 c4 25. bxc4 dxe4 26. Re3 Bc6 27. Qe2 Rd8 28. Nb3 a5 29. Rc2 a4 30. Rd2 Qc7 31. Rxd8+ Qxd8 32. Qd2 Qxd2 33. Nxd2 g6 34. fxg6 hxg6 35. h4 Kf7 36. Kf2 f5 37. Kg3 Re8 38. gxf5 gxf5 39. Kf4 Kf6 40. Rg3 Rh8 41. Rh3 Rg8 42. Rg3 Rh8 43. Rh3 Be8 44. Nf1 Bh5 45. Ne3 Rg8 46. Rh1 Rb8 47. Nxf5 Rb2 48. Ng3 Bf3 49. Nxe4+ Bxe4 50. Kxe4 Rxa2 51. h5 a3 52. h6 Re2+ 53. Kd3 Re8 54. Kc2 1-0

[Event "Albert Boxer Classic"]
[Site "Winnipeg CAN"]
[Date "1999.09.06"]
[Round "6"]
[White "Gushuliak, Justin"]
[Black "Lukic, Luka"]
[Result "1/2-1/2"]
[WhiteElo "2089"]
[BlackElo "1914"]
[PlyCount "106"]
[GameId "2160767911742223"]
[EventDate "1999.09.04"]
[EventType "swiss"]
[EventRounds "6"]
[EventCountry "CAN"]

1. e4 e5 2. Nf3 Nc6 3. Bb5 a6 4. Ba4 Nf6 5. O-O Bc5 6. Re1 b5 7. Bb3 d6 8. c3 Bg4 9. d3 O-O 10. Bg5 h6 11. Bh4 g5 12. Bg3 Rb8 13. a3 Nh7 14. Nbd2 h5 15. h3 h4 16. Bh2 Bh5 17. Nf1 g4 18. hxg4 Bxg4 19. Ne3 Bh5 20. Nf5 h3 21. Ng3 Bxf3 22. Qxf3 hxg2 23. Qxg2 Kh8 24. Kh1 Ne7 25. Rf1 Ng6 26. Nf5 Qg5 27. Rg1 Qxg2+ 28. Rxg2 Nf6 29. Bxf7 Rxf7 30. Rxg6 Rbf8 31. Bg3 Rg8 32. Rxg8+ Nxg8 33. Kg2 Rh7 34. b4 Bb6 35. a4 Ne7 36. a5 Ba7 37. Nxe7 Rxe7 38. Rh1+ Kg8 39. Rh5 Rh7 40. Rxh7 Kxh7 41. Kf3 Kg6 42. Kg4 Kf6 43. Kh5 c5 44. Bh4+ Ke6 45. f3 Kd7 46. Kg6 cxb4 47. cxb4 Bd4 48. Be1 Be3 49. Kf6 Bf4 50. Bc3 Be3 51. Be1 Bf4 52. Kf5 Be3 53. Bc3 Ke7 1/2-1/2

[Event "Albert Boxer Classic"]
[Site "Winnipeg CAN"]
[Date "1999.09.06"]
[Round "6"]
[White "Hassain, Mahmud"]
[Black "Kaptsan, Aron"]
[Result "0-1"]
[WhiteElo "1929"]
[BlackElo "2143"]
[PlyCount "49"]
[GameId "2160767911742224"]
[EventDate "1999.09.04"]
[EventType "swiss"]
[EventRounds "6"]
[EventCountry "CAN"]

1. e4 e5 2. Nf3 Nc6 3. Bb5 a6 4. Ba4 Nf6 5. O-O b5 6. Bb3 Be7 7. Re1 d6 8. c3 O-O 9. h3 Nb8 10. d4 Nbd7 11. Nbd2 Bb7 12. Bc2 Re8 13. Nf1 exd4 14. cxd4 d5 15. exd5 Nb6 16. Bg5 Nbxd5 17. Rc1 h6 18. Bxf6 Nxf6 19. Ng3 Bb4 20. Rxe8+ Qxe8 21. Qd3 Rd8 22. a3 Bd6 23. Re1 Qc6 24. Nh5 Ne4 25. Qxe4 0-1

[Event "Albert Boxer Classic"]
[Site "Winnipeg CAN"]
[Date "1999.09.06"]
[Round "6"]
[White "Henson, Joshua"]
[Black "Baragar, Fletcher"]
[Result "1/2-1/2"]
[WhiteElo "2110"]
[BlackElo "2305"]
[PlyCount "76"]
[GameId "2160767911742225"]
[EventDate "1999.09.04"]
[EventType "swiss"]
[EventRounds "6"]
[EventCountry "CAN"]
[SourceTitle "EXT 2002"]
[Source "ChessBase"]
[SourceDate "2001.11.25"]
[SourceVersion "1"]
[SourceVersionDate "2001.11.25"]
[SourceQuality "1"]

1. e4 e6 2. d4 d5 3. Nd2 Nf6 4. e5 Nfd7 5. f4 c5 6. c3 Nc6 7. Ndf3 cxd4 8. cxd4 Qb6 9. a3 Be7 10. b4 O-O 11. Bd3 f6 12. h4 Kh8 13. Bb2 fxe5 14. fxe5 Qd8 15. Bc2 g6 16. Qd2 Rf7 17. Nh3 Nb6 18. Nfg5 Rg7 19. Bd3 Nc4 20. Bxc4 dxc4 21. d5 Qxd5 22. Qxd5 exd5 23. b5 Nd8 24. e6 Bxe6 25. Nf4 Bg4 26. Nxd5 Bxg5 27. hxg5 Nf7 28. Bxg7+ Kxg7 29. Nf6 h5 30. Nxg4 hxg4 31. O-O-O Nxg5 32. Rd7+ Kf6 33. Rf1+ Ke6 34. Rxb7 g3 35. Rc7 Kd5 36. Rg7 Ne4 37. Rd1+ Kc5 38. Rxg6 Kxb5 1/2-1/2